Statistics for World Rally Championship Multiple Winners

Click here to take the quiz!

General Stats

  • This quiz has been taken 46 times
  • The average score is 7 of 8

Answer Stats

TitlesDriver% Correct
9Sébastien Loeb
100%
4Sébastien Ogier
95%
4Tommi Mäkinen
95%
2Carlos Sainz
87%
2Marcus Grönholm
87%
4Juha Kankkunen
85%
2Walter Röhrl
62%
2Miki Biasion
51%

Score Distribution

Percentile by Number Answered

Percent of People with Each Score

Your Score History

You have not taken this quiz